00339nam a2200133Ia 4500003000900000008004100009040001300050040001300063100002800076245007600104260001100180300000800191490000600199IT-RoPAU120407s9999 xx 000 0 und d aIT-RoPAU cIT-RoPAU aLeonardo de Araujo Mota 2aA davida da sobriedade. A ajuda mutua nos grupos de alcoolicos anonimos aPaulus c cm v1